000 00387cam a2200157ua 4500
001 5053
005 20260515113829.0
008 120303n ii |||gr||||Z||||||eng
040 _cMAIN
100 _aForster, E. M.,
_eAuthor,
245 1 1 _aA room with a view
_cby E. M. Forster
250 _a1st.
260 _aDelhi:
_bSurjeet publications,
_c2004.
300 _a211p:
_c23cm.
942 _cBK
999 _c4233
_d4233